Statistiques concernant Géographie par image - R

Cliquez ici pour prendre le quiz!

Statistiques générales

  • Ce quiz a été pris 2,470 fois
  • Le résultat moyen est 10 sur 18

Statistiques - réponses

Answer % Correct
Rome
94%
Rio de Janeiro
87%
Rhin
78%
Mont {Rushmore}
75%
Roumanie
75%
Montagnes {Rocheuses}
66%
{Reich}stag
61%
Reykjavik
58%
Riga
58%
Rhode Island
57%
Rastafari
49%
Rotterdam
48%
Riyad
41%
Rabat
36%
Rangoun
27%
{Rapa} Nui
25%
Mont {Rose}
15%
Barrière de {Ross}
8%

Distribution des résultats

Percentile by Number Answered

% des personnes avec chaque résultat

Votre développement - résultats

Vous n’avez pas pris ce quiz